Teoría de circuitos: teoría y problemas resueltos (Registro nro. 21547)

Detalles MARC
000 -Cabecera
Campo de control interno 00497nam a22002057a 4500
005 - Fecha y hora del registro
control field 20260312102312.0
008 - Elementos de Longitud Fija
fixed length control field 260312b |||||||| |||| 00| 0 spa d
041 ## - Idioma
Codigo Idioma ESP
082 ## - DEWEY y NOTACIÓN INTERNA
Dewey 621.3
Notación Interna F41T
100 ## - AUTOR
Autor denominación Fernández Moreno, José
245 ## - TÍTULO DE MATERIAL BIBLIOGRÁFICO
Título Teoría de circuitos: teoría y problemas resueltos
260 ## - CIUDAD, EDITORIAL, AÑO
Ciudad :
Nombre de la Editorial ,
300 ## - DESCRIPCIÓN
N° Páginas xxii, 591 páginas :
Otros detalles ;
Dimensiones 17 cm.
440 ## - MENCIÓN DE SERIE
Título de la Serie ;
650 ## - TEMAS
Temas Tecnología (Ciencias Aplicadas)
654 ## - PROGRAMAS
Programa Dpto. de Ingeniería Electrónica y Telecomunicaciones
700 ## - OTROS AUTORES
Otros autores ;
942 ## - ELEMENTOS DE KOHA
Tipo de documento Libro
Nombre del creador Justo Noguera
Código de catalogador Justo Noguera
Esquema de clasificación Dewey Decimal Classification
Existencias
Codigo completo Registro Colección Copia número Disponibilidad Tipo de préstamo Biblioteca Actual Procedencia (Biblioteca) Ubicacón Fecha Ingreso Tipo de Adquisición Date last seen Total checkouts Date last checked out Price effective from Tipo de Item Estado del Material Fuente de Clasificación Damaged status Withdrawn status
621.3 F41T 1023603 Universidad Católica San Pablo 1 Disponible Disponible Víctor Andrés Belaunde Víctor Andrés Belaunde Segundo piso 12/03/2026 Compra 18/03/2026 1 12/03/2026 12/03/2026 Libro Bueno Dewey Decimal Classification